000 00431pab a2200169 454500
008 180718b2011 xxu||||| |||| 00| 0 eng d
100 _aMallik, Basanta Kumar
245 _aCultural and social radicalism in medieval Orissa
260 _c2011
300 _ap.52-59.
362 _a23 Apr
650 _aCulture - India - Orissa
650 _aCulture
773 _aEconomic and Political Weekly
908 _aN
909 _a91312
999 _c91312
_d91312